Podstata a funkce regionální politiky
Regionálna ekonomika je považovaná za súčasť regionalistiky a tvorí rámcovú, súhrnnú tematickú oblasť štúdia priestorových javov, procesov a vzťahov. História odboru regionalistiky ako viacodborového poznávacieho systému. Región ako systémový objekt. Štúdium regionálnej ekonomiky ako jedného z odbor...
Gespeichert in:
| 1. Verfasser: | |
|---|---|
| Format: | Buchkapitel |
| Sprache: | Tschechisch |
| Schlagworte: | |
| Tags: |
Keine Tags, Fügen Sie das erste Tag hinzu!
|
MARC
| LEADER | 00000naa a2200000 4500 | ||
|---|---|---|---|
| 001 | r018188 | ||
| 005 | 20221205102509.0 | ||
| 041 | 0 | |a cze | |
| 044 | |a CZ | ||
| 245 | 1 | 0 | |a Podstata a funkce regionální politiky |c Jaroslav Macháček |
| 520 | |a Regionálna ekonomika je považovaná za súčasť regionalistiky a tvorí rámcovú, súhrnnú tematickú oblasť štúdia priestorových javov, procesov a vzťahov. História odboru regionalistiky ako viacodborového poznávacieho systému. Región ako systémový objekt. Štúdium regionálnej ekonomiky ako jedného z odborov regionalistiky. Regionalistika nie je totožná s regionalizáciou (súbor metód vymedzovania regiónov). Regionalizácia je súčasťou metodologickej základne regionalistiky. | ||
| 610 | 2 | 0 | |a regionalistika |
| 610 | 2 | 0 | |a regionalizácia |
| 610 | 2 | 0 | |a regióny |
| 610 | 2 | 0 | |a ekonomika priestorová |
| 610 | 2 | 0 | |a metodológia |
| 610 | 2 | 0 | |a pojmy |
| 610 | 2 | 0 | |a politika regionálna |
| 610 | 2 | 0 | |a decentralizácia |
| 610 | 2 | 0 | |a vývoj hospodársky |
| 100 | 1 | |a Macháček, Jaroslav | |